[Event "8th RTU Open 2018"]
[Site "Riga"]
[Date "2018.08.06"]
[Round "1"]
[White "Wenninger, Philipp"]
[Black "Valantiejus, Vaidotas"]
[Result "1-0"]
[WhiteElo "2408"]
[BlackElo "2128"]
[Annotator "NA"]
[PlyCount "121"]
[EventDate "2018.08.06"]
[EventType "swiss"]
[EventCountry "LAT"]
[SourceTitle "playchess.com"]
[Source "ChessBase"]
[SourceQuality "1"]
[TimeControl "5400+30"]

1. d4 {[%emt 0:00:00]} d5 {[%emt 0:00:00]} 2. c4 {[%emt 0:00:00]} e6 {[%emt 0:02:52]} 3. Nc3 {[%emt 0:00:00]} c5 {[%emt 0:00:16]} 4. cxd5 {[%emt 0:00:05]} exd5 {[%emt 0:00:06]} 5. Nf3 {[%emt 0:00:52]} Nc6 {[%emt 0:04:07]} 6. g3 {[%emt 0:00:09]} Nf6 {[%emt 0:00:15]} 7. Bg2 {[%emt 0:00:07]} Be7 {[%emt 0:00:09]} 8. O-O {[%emt 0:00:28]} O-O {[%emt 0:00:06]} 9. Bg5 {[%emt 0:03:22]} c4 {[%emt 0:01:33]} 10. Ne5 {[%emt 0:03:20]} Be6 {[%emt 0:00:13]} 11. Rc1 {[%emt 0:05:47]} h6 {[%emt 0:03:07]} 12. Bf4 {[%emt 0:03:00]} Rc8 {[%emt 0:03:29]} 13. Nxc6 {[%emt 0:10:27]} Rxc6 {[%emt 0:01:14]} 14. e4 {[%emt 0:03:26]} dxe4 {[%emt 0:06:51]} 15. Nxe4 {[%emt 0:00:35]} Nxe4 {[%emt 0:01:52]} 16. Bxe4 {[%emt 0:00:05]} Bd5 {[%emt 0:00:23]} 17. Qf3 {[%emt 0:02:54]} Bxe4 {[%emt 0:00:15]} 18. Qxe4 {[%emt 0:00:02]} Bg5 {[%emt 0:24:00]} 19. Bxg5 {[%emt 0:12:32]} Qxg5 {[%emt 0:00:24]} 20. h4 {[%emt 0:26:08]} Qb5 {[%emt 0:02:39]} 21. d5 {[%emt 0:06:15]} Rd6 {[%emt 0:02:14]} 22. Rxc4 {[%emt 0:03:56]} Rxd5 {[%emt 0:12:47]} 23. Rc7 {[%emt 0:02:17]} Rd7 {[%emt 0:03:28]} 24. Rc2 {[%emt 0:07:50]} Rfd8 {[%emt 0:02:28]} 25. Re1 {[%emt 0:01:47]} Rd4 {[%emt 0:02:20]} 26. Qe5 {[%emt 0:02:51]} Qxe5 {[%emt 0:03:37]} 27. Rxe5 {[%emt 0:00:02]} Rd2 {[%emt 0:00:40]} 28. Re2 {[%emt 0:00:56]} Rxe2 {[%emt 0:00:43]} 29. Rxe2 {[%emt 0:00:03]} Kf8 {[%emt 0:00:27]} 30. Kg2 {[%emt 0:00:07]} h5 {[%emt 0:00:42]} 31. Kf3 {[%emt 0:00:49]} g6 {[%emt 0:00:33]} 32. Rc2 {[%emt 0:00:52]} Rd7 {[%emt 0:00:20]} 33. Kf4 {[%emt 0:00:32]} f6 {[%emt 0:01:47]} 34. Ke4 {[%emt 0:00:50]} Kf7 {[%emt 0:01:55]} 35. a3 {[%emt 0:00:56]} a6 {[%emt 0:00:29]} 36. Rc3 {[%emt 0:01:24]} Ke6 {[%emt 0:01:14]} 37. Rb3 {[%emt 0:00:39]} b5 {[%emt 0:00:58]} 38. Rc3 {[%emt 0:00:34]} Rd6 {[%emt 0:00:17]} 39. Rc7 {[%emt 0:00:53]} f5+ {[%emt 0:02:02]} 40. Ke3 {[%emt 0:00:39]} Ke5 {[%emt 0:00:57]} 41. b3 {[%emt 0:00:52]} Kf6 {[%emt 0:00:46]} 42. a4 {[%emt 0:01:04]} bxa4 {[%emt 0:00:18]} 43. bxa4 {[%emt 0:00:01]} Ke5 {[%emt 0:02:34]} 44. Rc5+ {[%emt 0:00:31]} Ke6 {[%emt 0:00:30]} 45. a5 {[%emt 0:00:37]} Kd7 {[%emt 0:02:00]} 46. Kf4 {[%emt 0:01:06]} Rd2 {[%emt 0:06:53]} 47. Kg5 {[%emt 0:00:16]} Rxf2 {[%emt 0:00:49]} 48. Kxg6 {[%emt 0:00:11]} Rg2 {[%emt 0:03:03]} 49. Rxf5 {[%emt 0:00:39]} Rxg3+ {[%emt 0:00:05]} 50. Kxh5 {[%emt 0:00:46]} Kc6 {[%emt 0:00:54]} 51. Kh6 {[%emt 0:00:52]} Rh3 {[%emt 0:02:12]} 52. h5 {[%emt 0:00:07]} Rg3 {[%emt 0:01:26]} 53. Rg5 {[%emt 0:01:01]} Rd3 {[%emt 0:00:34]} 54. Rf5 {[%emt 0:00:11]} Rg3 {[%emt 0:00:08]} 55. Kh7 {[%emt 0:00:03]} Rg1 {[%emt 0:00:21]} 56. h6 {[%emt 0:00:07]} Rg2 {[%emt 0:00:20]} 57. Kh8 {[%emt 0:00:07]} Rg1 {[%emt 0:01:06]} 58. h7 {[%emt 0:00:04]} Rg2 {[%emt 0:00:12]} 59. Rf8 {[%emt 0:00:36]} Kb5 {[%emt 0:00:08]} 60. Rg8 {[%emt 0:00:05]} Rh2 {[%emt 0:00:20]} 61. Rg5+ {[%emt 0:00:05]} 1-0

[Event "8th RTU Open 2018"]
[Site "Riga"]
[Date "2018.08.06"]
[Round "1"]
[White "Seeman, Tarvo"]
[Black "Sarbay, Alexander"]
[Result "1-0"]
[WhiteElo "2405"]
[BlackElo "2122"]
[Annotator "NA"]
[PlyCount "117"]
[EventDate "2018.08.06"]
[EventType "swiss"]
[EventCountry "LAT"]
[SourceTitle "playchess.com"]
[Source "ChessBase"]
[SourceQuality "1"]
[TimeControl "5400+30"]

1. Nf3 {[%emt 0:00:00]} c5 {[%emt 0:00:29]} 2. c4 {[%emt 0:00:04]} Nf6 {[%emt 0:01:21]} 3. Nc3 {[%emt 0:00:10]} Nc6 {[%emt 0:01:50]} 4. g3 {[%emt 0:01:02]} g6 {[%emt 0:00:19]} 5. Bg2 {[%emt 0:00:07]} Bg7 {[%emt 0:00:05]} 6. O-O {[%emt 0:00:16]} O-O {[%emt 0:02:53]} 7. d4 {[%emt 0:00:04]} cxd4 {[%emt 0:00:16]} 8. Nxd4 {[%emt 0:00:04]} Nxd4 {[%emt 0:00:28]} 9. Qxd4 {[%emt 0:00:06]} d6 {[%emt 0:00:07]} 10. Qd2 {[%emt 0:01:09]} Be6 {[%emt 0:05:05]} 11. Bxb7 {[%emt 0:02:22]} Rb8 {[%emt 0:05:23]} 12. Bg2 {[%emt 0:00:08]} Bxc4 {[%emt 0:00:50]} 13. b3 {[%emt 0:00:15]} Nd5 {[%emt 0:09:48]} 14. Nxd5 {[%emt 0:00:39]} Bxd5 {[%emt 0:01:44]} 15. Bb2 {[%emt 0:00:06]} Bxb2 {[%emt 0:04:36]} 16. Qxb2 {[%emt 0:00:05]} Bxg2 {[%emt 0:00:54]} 17. Kxg2 {[%emt 0:00:04]} Qa5 {[%emt 0:01:42]} 18. Rac1 {[%emt 0:01:46]} Qd5+ {[%emt 0:01:46]} 19. f3 {[%emt 0:00:38]} Rfc8 {[%emt 0:01:51]} 20. Rxc8+ {[%emt 0:01:01]} Rxc8 {[%emt 0:00:05]} 21. Rc1 {[%emt 0:00:11]} Rxc1 {[%emt 0:06:09]} 22. Qxc1 {[%emt 0:00:06]} Qe5 {[%emt 0:00:36]} 23. Kf2 {[%emt 0:01:03]} Qh5 {[%emt 0:08:09]} 24. h4 {[%emt 0:01:15]} Qf5 {[%emt 0:01:24]} 25. Kg2 {[%emt 0:03:38]} Qe5 {[%emt 0:05:53]} 26. Qd2 {[%emt 0:00:24]} d5 {[%emt 0:03:26]} 27. b4 {[%emt 0:01:16]} d4 {[%emt 0:03:44]} 28. a4 {[%emt 0:07:08]} Qd5 {[%emt 0:01:36]} 29. Qc2 {[%emt 0:09:02]} f5 {[%emt 0:06:37]} 30. b5 {[%emt 0:04:55]} Kf7 {[%emt 0:04:07]} 31. Kf2 {[%emt 0:02:21]} Qd6 {[%emt 0:17:29]} 32. Qc4+ {[%emt 0:05:41]} e6 {[%emt 0:00:33]} 33. a5 {[%emt 0:05:49]} f4 {[%emt 0:01:55]} 34. g4 {[%emt 0:03:29]} Qd8 {[%emt 0:00:27]} 35. Kf1 {[%emt 0:05:24]} Qxa5 {[%emt 0:02:10]} 36. Qxd4 {[%emt 0:00:24]} Qxb5 {[%emt 0:01:18]} 37. Qxf4+ {[%emt 0:03:19]} Kg8 {[%emt 0:00:10]} 38. Qc7 {[%emt 0:05:27]} Qb1+ {[%emt 0:00:49]} 39. Kg2 {[%emt 0:02:19]} Qa2 {[%emt 0:00:07]} 40. Qb8+ {[%emt 0:04:56]} Kg7 {[%emt 0:00:47]} 41. Qe5+ {[%emt 0:03:24]} Kf7 {[%emt 0:00:47]} 42. Kf2 {[%emt 0:00:50]} a5 {[%emt 0:00:23]} 43. Qh8 {[%emt 0:00:55]} Qd5 {[%emt 0:00:45]} 44. Qxh7+ {[%emt 0:00:24]} Kf8 {[%emt 0:00:28]} 45. Qh8+ {[%emt 0:02:49]} Kf7 {[%emt 0:00:18]} 46. g5 {[%emt 0:02:25]} Qf5 {[%emt 0:00:10]} 47. e4 {[%emt 0:00:35]} Qf4 {[%emt 0:00:22]} 48. Qh7+ {[%emt 0:05:15]} Kf8 {[%emt 0:00:02]} 49. Qxg6 {[%emt 0:00:16]} Qxh4+ {[%emt 0:00:13]} 50. Kg2 {[%emt 0:00:49]} Ke7 {[%emt 0:01:23]} 51. Qf6+ {[%emt 0:01:04]} Kd7 {[%emt 0:00:35]} 52. Qd4+ {[%emt 0:00:32]} Kc6 {[%emt 0:01:03]} 53. Qc4+ {[%emt 0:00:26]} Kd7 {[%emt 0:00:28]} 54. Qb5+ {[%emt 0:00:14]} Ke7 {[%emt 0:00:20]} 55. Qxa5 {[%emt 0:00:18]} Qf4 {[%emt 0:00:17]} 56. g6 {[%emt 0:03:39]} Kf6 {[%emt 0:00:44]} 57. Qh5 {[%emt 0:00:12]} Qd2+ {[%emt 0:00:32]} 58. Kh3 {[%emt 0:00:09]} Qd7 {[%emt 0:00:38]} 59. e5+ {[%emt 0:00:44]} 1-0

[Event "8th RTU Open 2018"]
[Site "Riga"]
[Date "2018.08.06"]
[Round "1"]
[White "Kreisl, Robert"]
[Black "Leidorf, Sebastian"]
[Result "1-0"]
[WhiteElo "2404"]
[BlackElo "2119"]
[Annotator "NA"]
[PlyCount "65"]
[EventDate "2018.08.06"]
[EventType "swiss"]
[EventCountry "LAT"]
[SourceTitle "playchess.com"]
[Source "ChessBase"]
[SourceQuality "1"]
[TimeControl "5400+30"]

1. Nf3 {[%emt 0:00:00]} d5 {[%emt 0:00:00]} 2. g3 {[%emt 0:00:00]} e6 {[%emt 0:00:00]} 3. Bg2 {[%emt 0:00:00]} Nf6 {[%emt 0:00:00]} 4. O-O {[%emt 0:00:00]} Be7 {[%emt 0:00:50]} 5. c4 {[%emt 0:00:00]} O-O {[%emt 0:00:31]} 6. b3 {[%emt 0:00:19]} c5 {[%emt 0:01:59]} 7. Bb2 {[%emt 0:00:31]} b6 {[%emt 0:02:09]} 8. e3 {[%emt 0:01:19]} Bb7 {[%emt 0:02:10]} 9. Nc3 {[%emt 0:00:32]} Nbd7 {[%emt 0:02:40]} 10. Qe2 {[%emt 0:02:10]} Rc8 {[%emt 0:01:48]} 11. d3 {[%emt 0:01:21]} Qc7 {[%emt 0:02:49]} 12. Rac1 {[%emt 0:02:54]} Qb8 {[%emt 0:00:33]} 13. Ne1 {[%emt 0:05:48]} dxc4 {[%emt 0:10:13]} 14. bxc4 {[%emt 0:00:51]} Rfd8 {[%emt 0:02:28]} 15. f4 {[%emt 0:01:00]} a6 {[%emt 0:13:24]} 16. a4 {[%emt 0:00:10]} Qa8 {[%emt 0:03:14]} 17. g4 {[%emt 0:01:20]} Bxg2 {[%emt 0:05:43]} 18. Nxg2 {[%emt 0:00:06]} Nb8 {[%emt 0:00:25]} 19. f5 {[%emt 0:10:44]} exf5 {[%emt 0:10:57]} 20. g5 {[%emt 0:07:43]} Ne8 {[%emt 0:05:26]} 21. Rxf5 {[%emt 0:00:35]} Nd6 {[%emt 0:00:37]} 22. Rf3 {[%emt 0:02:03]} Nc6 {[%emt 0:10:39]} 23. Nd5 {[%emt 0:00:24]} Qb7 {[%emt 0:00:18]} 24. Rh3 {[%emt 0:09:37]} Bxg5 {[%emt 0:03:48]} 25. Qg4 {[%emt 0:00:28]} h6 {[%emt 0:05:06]} 26. Nf6+ {[%emt 0:02:53]} Kf8 {[%emt 0:06:58]} 27. Nh7+ {[%emt 0:00:41]} Kg8 {[%emt 0:00:51]} 28. Nxg5 {[%emt 0:01:06]} hxg5 {[%emt 0:00:49]} 29. Qxg5 {[%emt 0:00:53]} Ne8 {[%emt 0:01:43]} 30. Nf4 {[%emt 0:01:13]} Qe7 {[%emt 0:01:11]} 31. Qh5 {[%emt 0:00:45]} f6 {[%emt 0:01:44]} 32. Nd5 {[%emt 0:04:17]} Qe6 {[%emt 0:00:54]} 33. Rf1 {[%emt 0:00:40]} 1-0

[Event "8th RTU Open 2018"]
[Site "Riga"]
[Date "2018.08.06"]
[Round "1"]
[White "Schulze, Andreas"]
[Black "Bluebaum, Matthias"]
[Result "0-1"]
[WhiteElo "2209"]
[BlackElo "2637"]
[Annotator "TA"]
[PlyCount "70"]
[EventDate "2018.08.06"]
[EventType "swiss"]
[EventCountry "LAT"]
[SourceTitle "playchess.com"]
[Source "ChessBase"]
[SourceQuality "1"]

{[%evp 11,70,14,16,9,20,0,0,0,0,10,10,-6,-9,-11,-11,-9,0,-14,0,-10,0,13,14,0,4,8,6,6,22,0,17,22,43,-53,20,21,21,20,23,-16,-12,-18,-13,-12,10,-66,-19,-62,-61,-65,-78,-107,-110,-104,-121,-185,-169,-539,-580,-1052,-1037]} 1. e4 e6 2. d4 d5 3. exd5 exd5 4. Bd3 Nc6 5. c3 Bd6 6. Ne2 Nge7 {LiveBook: 83 Partien} 7. Bg5 {C01: Französische Verteidigung (Abtauschvariante)} (7. Bf4 Be6 {½-½ (7) Bick,G (2403)-Drasko,M (2452) Djenovici 2018}) 7... Bg4 8. Qc2 Qd7 9. Nd2 {Die Stellung ist ausgeglichen.} h6 10. Bh4 Nf5 11. Bg3 $146 ({Vorgänger:} 11. Nf3 Nxh4 12. Nxh4 Ne7 13. h3 Be6 14. f4 g5 {½-½ (35) Rubinchik,L-Semenova Riga (Latvia) 1954}) 11... Nxg3 12. hxg3 O-O-O 13. Nf1 Ne7 14. Ne3 Be6 15. Nf4 Kb8 16. O-O-O c5 17. Nxe6 fxe6 18. dxc5 Bxc5 19. Ng4 Qc7 20. Rhe1 Rd6 21. Re2 Rc8 22. Rde1 (22. Kb1 $14) 22... h5 ({Besser ist} 22... d4 $15 23. c4 (23. Rxe6 Rxe6 24. Rxe6 dxc3 $17) 23... Bb4) 23. Ne5 $11 Nc6 24. Nxc6+ Qxc6 25. f3 Bd4 26. Kb1 ({Falsch wäre} 26. cxd4 $2 Qa4 $19) 26... Bf6 27. f4 a6 28. Rh1 (28. a3 $11) 28... Qb6 $15 {Droht stark ...Txc3.} 29. Qb3 Qa5 30. Qb4 $1 {[%cal Rb4a5]} Qd8 $36 {[%mdl 2048] Und weiter mit ...Tb6 wäre nett. Schwarz bestimmt, wo es lang geht.} ({Natürlich nicht} 30... Qxb4 $6 31. cxb4 Rh8 32. b5 $14) 31. Rc1 Rb6 32. Qa3 Qd7 33. Qa5 (33. Ka1 $17) 33... Ka7 $19 34. a4 $2 {[#]} (34. Rec2 {ist eine bessere Chance.}) 34... Bd8 35. Bb5 Rxb5 {Precision: Weiß = 38%, Schwarz = 66%.} 0-1

[Event "8th RTU Open 2018"]
[Site "Riga"]
[Date "2018.08.06"]
[Round "1"]
[White "Laustsen, Lars"]
[Black "Hovhannisyan, Robert"]
[Result "0-1"]
[WhiteElo "2204"]
[BlackElo "2608"]
[Annotator "TA"]
[PlyCount "66"]
[EventDate "2018.08.06"]
[EventType "swiss"]
[EventCountry "LAT"]
[SourceTitle "playchess.com"]
[Source "ChessBase"]
[SourceQuality "1"]

{[%evp 20,66,21,25,33,13,16,0,8,1,21,19,29,16,12,0,0,0,0,-175,-178,-176,-173,-203,-207,-202,-193,-228,-245,-236,-243,-245,-257,-251,-249,-254,-257,-260,-250,-250,-230,-260,-260,-255,-241,-314,-319,-275,-235]} 1. d4 Nf6 2. c4 e6 3. g3 Bb4+ 4. Bd2 Qe7 5. Nf3 Bxd2+ 6. Qxd2 Nc6 {E11: Bogo-Indian} (6... d5 7. Bg2 O-O 8. O-O Rd8 9. Na3 c6 10. Rac1 Nbd7 11. Rfd1 a5 12. Ne5 Nf8 13. Nb1 Ne8 14. Qc2 f6 15. Nf3 Nd6 16. Nbd2 {½-½ (30) Krasenkow,M (2671)-Korobov,A (2652) Wijk aan Zee 2018}) 7. Nc3 d5 8. cxd5 exd5 9. Bg2 O-O 10. O-O Bf5 11. Rac1 {LiveBook: 4 Games} Rad8 12. Rfd1 $146 ({Predecessor:} 12. Qf4 Be4 13. Rfd1 Rfe8 14. Nh4 Bxg2 15. Nxg2 {½-½ (37) Guo,Q (2453)-Zhukova,N (2468) Tromsoe 2014}) 12... Rfe8 13. e3 Ne4 14. Qe2 Bg4 15. h3 Bh5 16. Re1 a6 17. g4 Bg6 18. Nd2 Nb4 $36 {[%mdl 2048] Black has good play.} 19. a3 $2 (19. f4 $1 $11 {and White is okay.} Nxc3 20. Rxc3) 19... Nxc3 $19 20. Rxc3 {[#]} Nc2 $1 21. Rc1 {[#] Strongly threatening Nb3.} Nxd4 $1 {[%mdl 512]} 22. Qf1 (22. exd4 Qxe2) 22... Nb5 {[%cal Bd4b5,Bb5d6,Bd6c4][%mdl 32]} 23. Rc5 {If only White now had time for a4....} c6 24. a4 Nd6 25. b4 h5 26. R5c3 hxg4 27. hxg4 Qg5 28. Qd1 {[#]} Nc4 $1 {[%mdl 512] aiming for ...d4.} 29. Nf1 (29. Nxc4 dxc4) 29... Qh4 30. Qd4 Be4 31. f3 Bh7 32. b5 axb5 33. axb5 Nd6 {Precision: White = 53%, Black = 94%.} 0-1

[Event "8th RTU Open 2018"]
[Site "Riga"]
[Date "2018.08.06"]
[Round "1"]
[White "Issakainen, Ari"]
[Black "Smirin, Ilia"]
[Result "1/2-1/2"]
[WhiteElo "2201"]
[BlackElo "2602"]
[Annotator "TA"]
[PlyCount "128"]
[EventDate "2018.08.06"]
[EventType "swiss"]
[EventCountry "LAT"]
[SourceTitle "playchess.com"]
[Source "ChessBase"]
[SourceQuality "1"]

{[%evp 19,128,2,34,31,38,35,39,-35,-45,-58,-64,-75,-66,-99,-90,-93,-81,-97,-92,-82,-88,-94,-83,-120,-120,-127,-119,-124,-121,-116,-114,-140,-113,-123,-131,-151,-152,-159,-164,-164,-114,-119,-104,-144,-144,-126,-66,-77,-62,-75,-54,-94,-61,-59,-55,-54,0,-48,-39,-55,-30,-58,0,-9,0,-59,0,0,0,-25,52,-9,14,14,42,0,72,61,84,0,0,0,0,0,0,0,0,0,8,8,8,-9,-9,-9,-2,-2,-2,-2,-2,-2,0,0,0,-2,-2,-2,-2,-2,0,-2,-9]} 1. d4 Nf6 2. c4 g6 3. g3 Bg7 4. Bg2 O-O 5. Nf3 d6 6. O-O c6 7. Nc3 a6 8. a4 a5 9. h3 Na6 10. e4 Nd7 {LiveBook: 12 Games. E62: King's Indian: Fianchetto: 6...c6 and Panno Variation (6...Nc6) without ...a6} (10... Nb4 11. Re1 Nd7 12. Be3 e5 13. Qe2 Re8 14. Rad1 Qe7 15. b3 exd4 16. Bxd4 Ne5 17. Rd2 Be6 18. Red1 {1-0 (43) Bu,X (2705)-Onischuk,V (2601) Doha 2016}) 11. Bg5 h6 12. Be3 e5 {White is slightly better.} 13. dxe5 (13. Qd2 $14) 13... dxe5 14. Qd2 Kh7 15. Rad1 $146 ({Predecessor:} 15. Rfd1 Re8 16. Ne1 Qe7 17. Nd3 Bf8 18. Rac1 {0-1 (42) Bennett,P (2024)-Wallace,P (2195) England 2012}) 15... Qe7 16. Nh2 Ndc5 17. Qc2 Nb4 18. Qb1 Nb3 19. Rfe1 Be6 20. Bf1 Rfd8 21. Rxd8 Rxd8 22. Rd1 Nd4 23. b3 Nbc2 24. Bxd4 Nxd4 25. Rd3 f5 26. Bg2 f4 27. g4 h5 28. Qd1 hxg4 29. hxg4 Qd7 30. Kf1 Kg8 31. Bh3 Bf6 32. Ne2 b5 (32... c5 $17 33. Bg2 Kg7) 33. cxb5 $1 $15 cxb5 34. Nxd4 $1 exd4 35. axb5 Qxb5 {[#] ...Rc8 is the strong threat.} 36. Kg1 Rb8 {[%cal Re6b3]} 37. Bf1 Qc6 (37... Qg5 $15 38. Bg2 Bg7) 38. Bg2 {And now e5! would win.} Qb6 {[%cal Re6b3]} 39. Bf1 Kg7 {[%cal Re6b3]} 40. Qd2 Bxb3 41. Qxf4 g5 42. Qc1 $1 Be6 {[#]} (42... Re8 $15) 43. e5 $1 {[%mdl 512]} Be7 (43... Bxe5 44. Qxg5+) 44. Nf3 Bxg4 ({Better is} 44... Qc5 $11 45. Qxc5 Bxc5 46. Nxg5 Bd5) 45. Nxd4 ({White should play} 45. Nxg5 $14 Qg6 46. Rg3 Qxg5 47. Qxg5+ Bxg5 48. Rxg4) 45... Rd8 46. Qe3 Qg6 47. Bg2 Kg8 (47... Rb8 $11) 48. Be4 $16 Qb6 49. Nf5 (49. Qg3 $16 Rxd4 50. Qxg4 Rxd3 51. Bxd3) 49... Qxe3 $11 {The position is equal.} 50. Nxe7+ Kf7 {( -> ...Qe1+)} 51. Rxe3 Kxe7 {[%mdl 4096] Endgame KRB-KRB} 52. Rg3 Be6 53. Rxg5 a4 54. Rg7+ Bf7 55. Rg3 Rd1+ 56. Kg2 Ra1 57. Rc3 a3 58. Rc7+ Kf8 {White must now prevent ...a2.} 59. Rc8+ Ke7 {aiming for ...a2.} 60. Rc7+ Ke8 61. Bc6+ Kf8 {Strongly threatening ...a2.} 62. Rc8+ Kg7 {Hoping for ...a2.} 63. Rc7 Kf8 {Threatens to win with ...Rd1.} 64. Rc8+ Ke7 {Precision: White = 57%, Black = 54%.} 1/2-1/2

[Event "8th RTU Open 2018"]
[Site "Riga"]
[Date "2018.08.06"]
[Round "1"]
[White "Ungurs, Edgars"]
[Black "Esipenko, Andrey"]
[Result "0-1"]
[WhiteElo "2199"]
[BlackElo "2589"]
[Annotator "TA"]
[PlyCount "122"]
[EventDate "2018.08.06"]
[EventType "swiss"]
[EventCountry "LAT"]
[SourceTitle "playchess.com"]
[Source "ChessBase"]
[SourceQuality "1"]

{[%evp 15,122,0,-1,-16,0,-8,15,12,16,0,42,31,35,39,60,42,35,32,51,28,61,33,47,20,22,25,29,14,17,25,32,6,22,0,13,0,0,0,4,0,0,0,20,-13,0,0,0,0,0,-30,-15,-27,-27,-27,-28,-31,-27,-27,-37,-33,-27,-29,-16,-27,-7,-13,0,0,0,0,0,0,0,0,8,-8,10,-1,-6,-4,-1,-1,-2,-19,-22,-50,-48,-47,-46,-44,-45,-41,-45,-58,-56,-131,-124,-269,-264,-454,-447,-963,-929,-1693,-1733,-29994,-831,-29995,-29996]} 1. d4 Nf6 2. Bg5 e6 3. Nd2 c5 4. e3 cxd4 (4... b6 5. Ngf3 Bb7 6. c3 Be7 7. Bd3 cxd4 8. cxd4 O-O 9. O-O Nd5 10. Bxe7 Qxe7 11. Re1 Nc6 12. e4 Nf4 13. Bf1 d5 14. e5 f6 15. g3 Ng6 16. h4 fxe5 17. dxe5 {1-0 (89) Artemiev,V (2691)-Aronian,L (2805) Riadh 2017}) 5. exd4 Be7 6. Bd3 {A45: Damenbauernspiele (Trompowski-Angriff)} b6 7. Qf3 Nc6 8. c3 Bb7 {LiveBook: 3 Partien} 9. Qh3 Qc7 10. Ne2 Nd5 $146 ({Vorgänger:} 10... h6 11. Bf4 d6 12. Ne4 Nxe4 13. Bxe4 {½-½ (68) Thorfinnsson,B (2385)-Johannesson,I (2371) Reykjavik 2013}) 11. Bxe7 Ncxe7 12. Qg3 Qxg3 (12... O-O-O {is interesting.} 13. Nc4 Nf5 14. Bxf5 Qxc4 15. Bd3 Qc7) 13. hxg3 Nf6 14. f3 O-O-O 15. Nc4 {[#] zielt auf Sd6+ ab.} Kc7 16. a4 d6 17. Kf2 h6 18. Nf4 Rhe8 19. Nh5 (19. Ne3 {looks sharper.} a5 20. Bb5 Bc6 21. Bc4 e5 22. Nh5) 19... Nxh5 20. Rxh5 Nd5 21. Bc2 Nf6 22. Rhh1 h5 23. Rhe1 g6 24. Rad1 Bc6 25. Na3 a6 26. Nc4 Nd7 27. Ne3 Nf6 28. Bb3 Bb7 29. Nc4 Rb8 30. Na3 Rec8 31. Nc2 Kd7 32. Nb4 Ke7 33. Re2 a5 34. Nc2 Ba6 35. Red2 $1 b5 {[#] ...bxa4 ist eine echte Drohung.} 36. Ne3 $1 b4 37. c4 Nd7 38. Re1 Kf6 39. Rc1 Rc7 40. Bd1 b3 41. Rc3 $1 Rb4 {[%cal Ra6c4]} 42. Rxb3 Rxa4 43. Rc3 Ra1 44. Be2 Ra2 45. Ke1 (45. g4 {with more complications.} hxg4 46. Nxg4+ Ke7 47. Ne3 Bb7 48. Rcd3) 45... Bb7 (45... Ke7 {seems wilder.} 46. b3 Ra1+ 47. Kf2 a4 48. bxa4 Rxa4 49. Rc1 Rc8) 46. Ra3 Rxa3 47. bxa3 Ke7 48. Rb2 Bc6 49. Bd1 e5 50. dxe5 dxe5 51. Nd5+ Bxd5 $1 52. cxd5 $15 {[%mdl 4096] Endspiel KTL-KTS} Rc3 53. a4 $1 Kd6 54. Rb7 f5 55. Be2 (55. Ra7 $15) 55... Nc5 56. Rb5 (56. Rg7 $17) 56... Kxd5 $19 ({Nicht} 56... Nxa4 57. Rxa5 Nc5 58. Ra8 $17) 57. Rxa5 $2 (57. Rb6 {war einen Versuch wert.}) 57... Kd4 58. Kf2 (58. Ra8 $142 Ke3 59. Rd8) 58... Rc2 59. Ra8 Nd3+ 60. Kf1 Rc1+ 61. Bd1 Ke3 {Precision: Weiß = 33%, Schwarz = 64%.} 0-1

[Event "8th RTU Open 2018"]
[Site "Riga"]
[Date "2018.08.06"]
[Round "1"]
[White "Kerem, Halil Ozgun"]
[Black "Schroeder, Jan Christian"]
[Result "0-1"]
[WhiteElo "2194"]
[BlackElo "2573"]
[Annotator "TA"]
[PlyCount "106"]
[EventDate "2018.08.06"]
[EventType "swiss"]
[EventCountry "LAT"]
[SourceTitle "playchess.com"]
[Source "ChessBase"]
[SourceQuality "1"]

{[%evp 14,106,2,0,30,15,20,30,35,-60,-57,-63,-63,-62,-58,-70,-63,-62,-72,-62,-54,-68,-47,-68,-9,-84,-72,-52,-44,-88,-95,-80,-83,-114,-108,-129,-134,-146,-134,-202,-169,-171,-181,-202,-199,-185,-182,-173,-181,-171,-47,-463,-452,-618,-596,-611,-455,-590,-195,-357,-347,-514,-478,-413,0,0,0,-213,-83,-865,-870,-997,-1017,-908,-908,-6621,-12086,-2975,-6644,-2735,-2316,-12838,-12838,-6157,-12020,-12843,-12843,-12839,-10177,-12840,-12840,-12843,-12843,-12845,-12846]} 1. d4 d5 2. Bf4 Nf6 3. e3 c5 4. c3 Nc6 5. Nd2 Bf5 6. Ngf3 {D00: 1 d4 d5: Unusual lines} Qb6 7. Nh4 Bd7 8. Qb3 {LiveBook: 11 Games. The position is equal.} Rc8 $146 ({Predecessor:} 8... c4 9. Qc2 Nh5 10. Bg3 e6 11. Be2 Nxg3 12. hxg3 Qc7 {1-0 (38) Eljanov,P (2742)-Ponomariov,R (2744) Moscow 2010}) 9. dxc5 Qxb3 10. axb3 e5 11. Bg5 ({Better is} 11. Bg3 $14) 11... Ne4 $1 $15 {[%cal Re4g5][%mdl 1024] Black has compensation.} 12. Nhf3 $1 (12. Nxe4 $2 dxe4 13. b4 h6 $19) 12... f6 13. Bh4 g5 {White must now prevent ...Nxd2.} (13... Bxc5 14. Nxe4 dxe4 15. Nd2 $11) 14. Bg3 h5 $1 ({But not} 14... Nxc5 $6 15. b4 $11) (14... Bxc5 $6 15. Nxe4 dxe4 16. Nd2 $14) 15. h3 Nxg3 ({Of course not} 15... Nxc5 $6 16. b4 $11) 16. fxg3 e4 17. Nd4 Bxc5 18. Bb5 f5 (18... Nxd4 $15 19. Bxd7+ Kxd7 20. exd4 Bb6) 19. O-O (19. Bxc6 $1 $11 {keeps the balance.} bxc6 20. b4) 19... h4 $17 20. gxh4 Rxh4 21. b4 Bxd4 22. exd4 a6 23. Bxc6 Rxc6 24. b5 axb5 25. Ra8+ Rc8 26. Ra7 (26. Rfa1 $17 {might work better.}) 26... Rc7 $19 27. Nb3 f4 28. Nc5 Bc8 $1 29. Na6 {[#]} Rf7 $1 30. Nb4 Rf5 31. Ra8 Kd8 (31... Kd7 $19 32. Ra5 g4 33. Rxf4 Rxf4) 32. g4 $2 {[%mdl 8192]} (32. Ra5 $1 $15) 32... Rf7 33. Nxd5 Rxh3 34. Nb6 Rc7 35. d5 Rd3 $2 (35... e3 {( -> ...Rg3+)} 36. Re1 Rh6 37. Nxc8 Rxc8 38. Rxc8+ Kxc8) 36. Re1 $2 (36. Rfa1) 36... e3 37. Kg2 (37. Kf1 {is a better defense.} Rc4 38. Kg2 (38. Nxc4 $2 bxc4 39. Kg2 Kc7 $19)) 37... Rd2+ 38. Kf3 {[#]} Rc4 $2 (38... Rf2+ $1 $19 39. Ke4 Re7+ 40. Kd4 Rd2+ 41. Kc5 Rc7+ 42. Kb4 Rxb2+ 43. Ka3 Rh2) 39. Nxc4 bxc4 $11 {[%mdl 4096] Endgame KRR-KRB} 40. Ke4 $2 (40. d6 $1 $11) 40... Kc7 $19 41. Ke5 $2 {[%mdl 8192]} (41. Ra5 $17 Kd6 42. Ra8 Bxg4 43. Rg8) 41... Bxg4 {Black is clearly winning.} 42. Ra4 e2 43. Rxc4+ Kd7 44. Rh1 {[#]} Rxd5+ $1 {[%mdl 512]} 45. Kf6 (45. Kxd5 Bf3+) 45... Rd1 46. Rh7+ Kd6 47. Re4 e1=Q 48. Rxe1 Rxe1 49. Kxg5 {KRB-KR} f3 {[%cal Bf4f3,Bf3f2][%mdl 32]} 50. Rh2 Bd7 51. Rf2 Bc6 52. b4 Re2 53. Rf1 f2 {Precision: White = 31%, Black = 78%.} 0-1